Land I Midtøsten - Statistics

General Stats
  • This quiz has been taken 380 times
  • The average score is 11 of 17
Answers on the Map
Answers color-coded by a green-red scale on the quiz's map according to % correct below.
 
Answer Stats
Answer % Correct
Egypt
92%
Kypros
86%
Palestinas territorier
84%
Saudi Arabia
81%
Irak
76%
Israel
76%
Tyrkia
70%
Iran
65%
Jordan
59%
Oman
59%
Qatar
59%
De Forente Arabiske Emirater
57%
Libanon
57%
Syria
57%
Bahrain
54%
Kuwait
54%
Jemen
51%
No matching quizzes found
Score Distribution
Percent of People with Each Score
Percentile by Number Answered
Your Score History
You have not taken this quiz